000 00510nam a2200193Ia 4500
008 131103s9999 xx 000 0 und d
040 _aLoreto College
041 _aEnglish
082 _a910/THO
_bLCBED/REF3
100 _aThornton, Phyllis
245 _acc
_cPhyllis Thornton & Moya Cozens
260 _aLondon
_bOxford University
_c1963
300 _a31p.
_b pic.
_c 19cm.
440 _aPeople of the world-14
650 _aHistory
700 _aCozens, Moya
850 _aLCBED/910/WHI
942 _cBK
999 _c33091
_d83570